000 00327nam a2200145Ia 4500
008 210210b1955 xxu||||| |||| 00| 0 eng d
082 _a332.4 GARM
100 _aGARG (K N).
245 _aMoney.
260 _aBombay
_bKitab mahal
_c1955
300 _a124
650 _aMoney
690 _aMonetary Economics
906 _a028504
999 _c79747
_d79747